| 000 | 00541nam a2200205Ia 4500 | ||
|---|---|---|---|
| 003 | OSt | ||
| 005 | 20230331145712.0 | ||
| 008 | 210423s2009 xx 000 0 und d | ||
| 020 | _a9780521866903 | ||
| 040 | _cAL | ||
| 041 | _aeng | ||
| 082 | _a155.9 VANA | ||
| 100 |
_aVANGELISTI (Anita L). _981024 |
||
| 245 | _aFeeling hurt in close relationships. | ||
| 260 |
_aNew York _bCambridge University Press _c2009 |
||
| 300 |
_axx,527 _bHB |
||
| 365 |
_b5621 _cINR |
||
| 906 | _aclose ; Feeling ; hurt ; relationships. | ||
| 942 |
_2ddc _cBK |
||
| 999 |
_c157719 _d157719 |
||